000 00525nam a2200205Ia 4500
005 20250923150437.0
008 008 250917s9999 xx 000 0 eng d
037 _aTextual
040 _aDSWL
_beng
_cDSWL
041 _aeng
_2eng
084 _qDSWL
100 _aPrerna, Singh
_9846025
245 0 _aHow solidarity works for welfare
_cby Singh Prerna
260 _aDelhi
_b Cambridge Univ. Press
_c2017
300 _a304 p.
365 _aINR
_b650
925 _g650
942 _cTEXL
999 _c1463504
_d1463504